000 00479nam a22001697a 4500
003 SGT
020 _a9789332519114
082 _a519.5,HOG
100 _aHOGG, ROBERT V.
245 _aINTRODUCTION TO MATHEMATICS STATISTICS
250 _a7TH
260 _aNEW DELHI
_bPEARSON
_c2014
300 _a650
650 _a MATHEMATICS STATISTICS
653 _aPROBABILITY AND DISTRIBUTIONS,MULTIVARIATE DISTRIBUTIONS, SOME ELEMENTARY STATISTICAL INFERENCES
942 _2ddc
_cFPS
_01
999 _c9266
_d9266